| 000 | 00951nam0a22002651 4500 | ||
|---|---|---|---|
| 001 | RU\INFOCOMM_322\NLR\5000103342 | ||
| 005 | 20250613110028.0 | ||
| 010 |
_910000 экз. _dGratis |
||
| 035 | _a(NLR Aleph) 009542792 | ||
| 090 |
_a8957232 _c8957232 |
||
| 100 | _a20121212d1931 |||y0rusy50 ca | ||
| 101 | 0 | _ager | |
| 102 | _aRU | ||
| 105 | _ay z ||||| | ||
| 200 | 1 |
_a... Katalog der russischen handstickerei und handgewebten leinen _fUdSSR. "Kowerkustexport". Allgemeine exportgesellschaft für Teppiche und volkskunsterzeugnisse |
|
| 210 |
_aMoskau _cBuchdruck. namens Iw. Fedorow in Leningrad _d1931 |
||
| 215 |
_a35 s., [4] s. ill. _cill. _d25×18 см |
||
| 606 | 0 |
_aКустарные изделия _xЭкспорт _yСССР _jКаталоги _2nlr_sh1 |
|
| 620 | _aМосква | ||
| 710 | 0 | 2 |
_a"Kowerkustexport" _4070 |
| 801 | 1 |
_aRU _bNLR _c20121212 |
|
| 801 | 0 |
_aRU _bINFOCOMM _gPSBO |
|
| 852 |
_aNLR _jЕ-12/49 |
||
| 942 | _cBOOK | ||
| 980 | _aNB | ||